| 000 | 00880nam a22002657a 4500 | ||
|---|---|---|---|
| 001 | 4100 | ||
| 003 | FISKH | ||
| 005 | 20240606151007.0 | ||
| 008 | 240606b cb ||||| |||| 00| 0 eng d | ||
| 020 | _a9780440411239 | ||
| 040 |
_aFISKH _beng _cFISKH _dFISKH |
||
| 050 | _aPZ7.N24 | ||
| 082 | _a359 | ||
| 100 |
_aNaylor Reynolds Phyllis _d1933- |
||
| 245 |
_aBoys against girls / _cPhyllis Reynolds Naylor |
||
| 260 |
_aNew York : _bA Yearling Book, _c1995 |
||
| 300 |
_a147 pages : _c20 cm |
||
| 505 | _aQ | ||
| 520 | _aThe Hatford brothers cannot imagine spending Thanksgiving dinner with the Malloy sisters as the practical jokes and rivalries between the two families continue. Sequel to "The Girls Get Even." | ||
| 521 | 8 |
_a860
_bLexile |
|
| 521 | 8 |
_aQ
_bRaz-Plus |
|
| 700 | _aPhyllis Reynolds Naylor | ||
| 942 |
_2ddc _cBK _n0 |
||
| 999 |
_c4100 _d4100 |
||